000 00187 a2200097 4500
020 _a9781602392335
041 _aeng
100 _athird edition
245 _aBack to Basics
942 _cBK
999 _c30055
_d30053